Neviditelný teamwork

Ako vzniká teamwork. Dva profily pracovného kolektívu. Profil kolektívu s tímovým prístupom. Profil kolektívu s netímovým prístupom. Nositelia tímových a netímových postojov. Ľudia s tímovým prístupom - aktívni partneri manažmentu.

Saved in:
Bibliographic Details
Main Author: Náhlovský, Pavel
Format: Book Chapter
Language:Czech
Subjects:
Tags: Add Tag
No Tags, Be the first to tag this record!

MARC

LEADER 00000naa$a2200000$$$4500
001 0115518
005 20231213140239.4
041 0 |a cze 
044 |a CZ 
245 1 0 |a Neviditelný teamwork  |c Pavel Náhlovský 
520 |a Ako vzniká teamwork. Dva profily pracovného kolektívu. Profil kolektívu s tímovým prístupom. Profil kolektívu s netímovým prístupom. Nositelia tímových a netímových postojov. Ľudia s tímovým prístupom - aktívni partneri manažmentu. 
610 2 0 |a tímy pracovné 
610 2 0 |a práca 
610 2 0 |a kolektív pracovný 
610 2 0 |a výkonnosť 
610 2 0 |a kvalita práce 
610 2 0 |a morálka pracovná 
610 2 0 |a pracovníci 
610 2 0 |a manažéri 
100 1 |a Náhlovský, Pavel